00910nam a2200205 a 450000100100000000500170001000800410002704000250006808200150009310000490010824500890015726000690024630000310031549000340034649000730038083000410045383000800049495201130057499900170068700002665620200930030333.0110324s1975 dr d 000 0 spa d aDO-SdBNPbspacBNPHU axxxbB716i1 aBonnelly de Calventi, Idelisa,d1935-95377410aInforme sobre la pesca en la República Dominicana /cIdelisa Bonnelly de Calventi. aSanto Domingo :bUniversidad Autónoma de Santo Domingo,c1975. a87 p. :bdiagrs. ;c25 cm.1 aCiencia y tecnologíavno. 21 aPublicaciones de la Universidad Autónoma de Santo Domingovno. 183 0aCiencia y tecnologíanno. 2953775 0aPublicaciones de la Universidad Autónoma de Santo Domingonno. 183953776 0010718PDaPDbPDcHDd2011-03-24iLF1l0oxxx B716ip26656-10r2020-06-25w2020-06-25yLFPDZNo se presta c26148d26148